[Event "FIDE WRBTC Blitz-Pool 2024"]
[Site "Astana"]
[Date "2024.08.05"]
[Round "4.1"]
[White "Sychev, Klementy"]
[Black "Sarana, Alexey"]
[Result "1-0"]
[WhiteElo "2531"]
[BlackElo "2717"]
[Annotator "ChessBase"]
[PlyCount "48"]
[EventDate "2024.08.01"]
[EventType "team-tourn"]
[EventCountry "KAZ"]
[SourceTitle "playchess.com"]
[Source "ChessBase"]
[SourceQuality "1"]

1. e4 c5 2. Nf3 d6 3. d4 cxd4 4. Nxd4 Nf6 5. Nc3 a6 6. Bc4 e6 7. f4 b5 8. Bb3 b4 9. Na4 Be7 10. e5 dxe5 11. fxe5 Nd5 12. Qg4 g6 13. O-O O-O 14. Bh6 Re8 15. Qf3 f5 16. exf6 Bxf6 17. Rad1 Bd7 18. Bxd5 exd5 19. Qxd5+ Kh8 20. Qxa8 Bxa4 21. Qa7 Qd7 22. Qc5 Qg4 23. Rd2 Nd7 24. Qxb4 Bb5 1-0

[Event "FIDE WRBTC Blitz-Pool 2024"]
[Site "Astana"]
[Date "2024.08.05"]
[Round "4.1"]
[White "Bolat, Inayat"]
[Black "Dubov, Daniil"]
[Result "0-1"]
[WhiteElo "2264"]
[BlackElo "2701"]
[Annotator "ChessBase"]
[PlyCount "66"]
[EventDate "2024.08.01"]
[EventType "team-tourn"]
[EventCountry "KAZ"]
[SourceTitle "playchess.com"]
[Source "ChessBase"]
[SourceQuality "1"]

1. e4 e5 2. Nf3 Nc6 3. Bb5 a6 4. Ba4 Nf6 5. O-O Be7 6. Re1 b5 7. Bb3 O-O 8. a4 Rb8 9. axb5 axb5 10. c3 d6 11. h3 b4 12. d4 bxc3 13. bxc3 exd4 14. cxd4 d5 15. e5 Ne4 16. Nbd2 Bf5 17. Bb2 Bb4 18. Re3 Na5 19. Nf1 Nc4 20. Bxc4 dxc4 21. d5 c3 22. Bc1 Rb5 23. Qd4 Bc5 24. Qd3 Rb4 25. Ba3 Ra4 26. Bxc5 Rxa1 27. Rxe4 c2 28. Qxc2 Qxd5 29. N3d2 Rb8 30. Kh2 Bxe4 31. Nxe4 Rxf1 32. Ng3 Qxe5 33. Be3 Rbb1 0-1

[Event "FIDE WRBTC Blitz-Pool 2024"]
[Site "Astana"]
[Date "2024.08.05"]
[Round "4.2"]
[White "Artemiev, Vladislav"]
[Black "Ten, Viktor"]
[Result "1-0"]
[WhiteElo "2699"]
[BlackElo "2236"]
[Annotator "ChessBase"]
[PlyCount "41"]
[EventDate "2024.08.01"]
[EventType "team-tourn"]
[EventCountry "KAZ"]
[SourceTitle "playchess.com"]
[Source "ChessBase"]
[SourceQuality "1"]

1. e4 e6 2. d4 d5 3. Nc3 Bb4 4. exd5 exd5 5. Bd3 Nc6 6. a3 Bxc3+ 7. bxc3 Qf6 8. Qh5 Nge7 9. Ne2 Bf5 10. Nf4 Bxd3 11. cxd3 O-O 12. O-O Rad8 13. Re1 Qf5 14. Qe2 Ng6 15. Nh5 h6 16. Ng3 Qd7 17. Qh5 Rfe8 18. Bxh6 Rxe1+ 19. Rxe1 gxh6 20. Qxh6 Re8 21. Rf1 1-0

[Event "FIDE WRBTC Blitz-Pool 2024"]
[Site "Astana"]
[Date "2024.08.05"]
[Round "4.2"]
[White "Martirosyan, Haik M."]
[Black "Shubin, Kirill"]
[Result "1-0"]
[WhiteElo "2667"]
[BlackElo "2459"]
[Annotator "ChessBase"]
[PlyCount "95"]
[EventDate "2024.08.01"]
[EventType "team-tourn"]
[EventCountry "KAZ"]
[SourceTitle "playchess.com"]
[Source "ChessBase"]
[SourceQuality "1"]

1. d4 e6 2. c4 Nf6 3. Nf3 Bb4+ 4. Bd2 a5 5. a3 Bxd2+ 6. Qxd2 b6 7. e3 Bb7 8. Nc3 d6 9. Qc2 Nbd7 10. e4 O-O 11. Be2 e5 12. O-O Re8 13. d5 Nf8 14. b4 Ng6 15. g3 Bc8 16. c5 Bg4 17. c6 Qc8 18. Rfc1 Nh5 19. Ne1 Nf6 20. f3 Bh3 21. Nd3 Qd8 22. Nf2 Bc8 23. Ncd1 h5 24. h4 Nh7 25. Ne3 Nhf8 26. Qd2 Ne7 27. Bd3 g6 28. Nc4 a4 29. Qe2 Ba6 30. Ne3 Bxd3 31. Qxd3 Nh7 32. Kg2 Qc8 33. Rh1 f5 34. Nh3 Rf8 35. Raf1 Qe8 36. Ng5 Nxg5 37. hxg5 f4 38. gxf4 Rxf4 39. Kf2 Kg7 40. Ng2 Rf7 41. Ke2 Qd8 42. Qe3 Nc8 43. f4 b5 44. f5 Nb6 45. Nh4 Nc4 46. Qg3 gxf5 47. Nxf5+ Kg6 48. Rxh5 1-0

[Event "FIDE WRBTC Blitz-Pool 2024"]
[Site "Astana"]
[Date "2024.08.05"]
[Round "4.2"]
[White "Isaev, Anton"]
[Black "Nepomniachtchi, Ian"]
[Result "0-1"]
[WhiteElo "2156"]
[BlackElo "2767"]
[Annotator "TA"]
[PlyCount "65"]
[EventDate "2024.08.01"]
[EventType "team-tourn"]
[EventCountry "KAZ"]
[SourceTitle "playchess.com"]
[Source "ChessBase"]
[SourceQuality "1"]

1. e4 c5 2. Nf3 d6 3. d4 cxd4 4. Nxd4 Nf6 5. Nc3 a6 6. Nb3 g6 7. Be2 Bg7 8. g4 Nc6 9. g5 Nh5 10. Bxh5 gxh5 11. Qxh5 Ne5 12. h3 Nc4 13. Qe2 Be6 14. f4 Qc7 15. Qd3 Rc8 16. f5 Nxb2 17. Bxb2 Bxb3 18. cxb3 Bxc3+ 19. Bxc3 Qxc3+ 20. Qxc3 Rxc3 21. Kd2 Rf3 22. Raf1 Rxf1 23. Rxf1 h6 24. gxh6 Rxh6 25. Rf3 Rh4 26. Ke3 Kd7 27. Kd4 b5 28. a4 bxa4 29. bxa4 e6 30. fxe6+ fxe6 31. Kd3 a5 32. Rg3 Kc6 33. Ke3 0-1

[Event "FIDE WRBTC Blitz-Pool 2024"]
[Site "Astana"]
[Date "2024.08.05"]
[Round "4.3"]
[White "Abdusattorov, Nodirbek"]
[Black "Dosmukhambetov, Arystan"]
[Result "1-0"]
[WhiteElo "2762"]
[BlackElo "1976"]
[Annotator "TA"]
[PlyCount "61"]
[EventDate "2024.08.01"]
[EventType "team-tourn"]
[EventCountry "KAZ"]
[SourceTitle "playchess.com"]
[Source "ChessBase"]
[SourceQuality "1"]

1. e4 c5 2. Nf3 e6 3. d4 cxd4 4. Nxd4 Nf6 5. Bd3 Nc6 6. Nxc6 bxc6 7. Bf4 d5 8. Nd2 Be7 9. e5 Nd7 10. O-O a5 11. Re1 Ba6 12. Qg4 g6 13. Nf3 Bxd3 14. cxd3 Rb8 15. b3 Rb4 16. d4 c5 17. Bd2 Rb5 18. Bh6 Bf8 19. Bg5 Be7 20. Be3 Rb4 21. Rac1 cxd4 22. Bd2 Rb7 23. Nxd4 Nb8 24. Bh6 Bf8 25. Qf4 Bxh6 26. Qxh6 Kd7 27. Re3 Qf8 28. Qf4 Qe7 29. Rec3 h6 30. Nb5 Ke8 31. Rc8+ 1-0

[Event "FIDE WRBTC Blitz-Pool 2024"]
[Site "Astana"]
[Date "2024.08.05"]
[Round "4.3"]
[White "Faizrakhmanov, Ramil"]
[Black "Vidit, Santosh Gujrathi"]
[Result "1/2-1/2"]
[WhiteElo "2424"]
[BlackElo "2720"]
[Annotator "ChessBase"]
[PlyCount "36"]
[EventDate "2024.08.01"]
[EventType "team-tourn"]
[EventCountry "KAZ"]
[SourceTitle "playchess.com"]
[Source "ChessBase"]
[SourceQuality "1"]

1. d4 d5 2. c4 c6 3. Nc3 Nf6 4. e3 e6 5. Nf3 Nbd7 6. Qc2 Bd6 7. b3 O-O 8. Be2 b6 9. O-O Bb7 10. Bb2 Qe7 11. Rfe1 Rfe8 12. Rad1 Rad8 13. e4 dxe4 14. Nxe4 Nxe4 15. Qxe4 Bb4 16. Rf1 Bd6 17. Rfe1 Bb4 18. Rf1 Bd6 1/2-1/2

[Event "FIDE WRBTC Blitz-Pool 2024"]
[Site "Astana"]
[Date "2024.08.05"]
[Round "4.3"]
[White "Skak, Abuali"]
[Black "Maghsoodloo, Parham"]
[Result "0-1"]
[WhiteElo "1969"]
[BlackElo "2723"]
[Annotator "RC"]
[PlyCount "90"]
[EventDate "2024.08.01"]
[EventType "team-tourn"]
[EventCountry "KAZ"]
[SourceTitle "playchess.com"]
[Source "ChessBase"]
[SourceQuality "1"]

1. d4 Nf6 2. Nf3 d5 3. g3 Bf5 4. Bg2 e6 5. O-O h6 6. c4 c6 7. Nc3 Nbd7 8. Nd2 Be7 9. e4 dxe4 10. Ndxe4 O-O 11. Nxf6+ Bxf6 12. Be3 Nb6 13. b3 Nc8 14. Rc1 Nd6 15. d5 cxd5 16. cxd5 e5 17. Qe2 Qa5 18. Rfd1 Rac8 19. Qd2 b6 20. Ne2 Qa3 21. Rc6 Ne4 22. Qc1 Qxa2 23. Nc3 Nxc3 24. Qxc3 e4 25. Qc4 Bg4 26. Rc1 Bb2 27. Re1 Bd7 28. Rc7 Be5 29. Rxc8 Rxc8 30. Qxe4 Bd6 31. b4 Rc4 32. Qd3 Rxb4 33. Bd4 Qc4 34. Qxc4 Rxc4 35. Be3 Kf8 36. Ra1 Ra4 37. Rb1 Rb4 38. Ra1 a5 39. Bd2 Rb3 40. Bf1 a4 41. Bc4 Rb2 42. Ra2 Rxa2 43. Bxa2 b5 44. Bb1 b4 45. Bc2 b3 0-1

[Event "FIDE WRBTC Blitz-Pool 2024"]
[Site "Astana"]
[Date "2024.08.05"]
[Round "4.4"]
[White "Murzin, Volodar"]
[Black "Akhmedya, Madyar"]
[Result "1-0"]
[WhiteElo "2641"]
[BlackElo "1786"]
[Annotator "ChessBase"]
[PlyCount "94"]
[EventDate "2024.08.01"]
[EventType "team-tourn"]
[EventCountry "KAZ"]
[SourceTitle "playchess.com"]
[Source "ChessBase"]
[SourceQuality "1"]

1. e4 c5 2. Nf3 Nc6 3. Bb5 g6 4. Bxc6 bxc6 5. O-O Bg7 6. Re1 Nf6 7. e5 Nd5 8. c4 Nc7 9. d4 cxd4 10. Qxd4 O-O 11. Qh4 Ne6 12. Nc3 d6 13. Bh6 Qc7 14. Rad1 Bb7 15. exd6 exd6 16. Ne4 Qd8 17. Qxd8 Raxd8 18. Bxg7 Kxg7 19. Nxd6 Ba6 20. b4 h5 21. Ne5 Rb8 22. Nxc6 Ra8 23. Ne7 h4 24. b5 Bc8 25. Nexc8 Raxc8 26. Nxc8 Rxc8 27. Re4 Nc5 28. Rxh4 Re8 29. Kf1 g5 30. Rhd4 Kg6 31. f3 Ne6 32. Rd6 Kg7 33. Ra6 Re7 34. Re1 Rd7 35. Rexe6 fxe6 36. Rxe6 Kf7 37. Ra6 Rc7 38. Kf2 Rxc4 39. Rxa7+ Kf6 40. a4 Rb4 41. Kg3 Kf5 42. h3 Kg6 43. Ra6+ Kf5 44. b6 Ke5 45. Ra5+ Kf6 46. Rb5 Rxa4 47. b7 Kf7 1-0

[Event "FIDE WRBTC Blitz-Pool 2024"]
[Site "Astana"]
[Date "2024.08.05"]
[Round "4.4"]
[White "Erdogmus, Yagiz Kaan"]
[Black "Orlov, Oleg"]
[Result "0-1"]
[WhiteElo "2599"]
[BlackElo "2254"]
[Annotator "ChessBase"]
[PlyCount "66"]
[EventDate "2024.08.01"]
[EventType "team-tourn"]
[EventCountry "KAZ"]
[SourceTitle "playchess.com"]
[Source "ChessBase"]
[SourceQuality "1"]

1. Nf3 d5 2. b3 Bf5 3. Bb2 e6 4. g3 h6 5. Bg2 c5 6. c4 d4 7. Nh4 Nc6 8. Nxf5 exf5 9. e3 Nf6 10. Bxc6+ bxc6 11. Qf3 Qd7 12. O-O O-O-O 13. Na3 Ne4 14. Rad1 g5 15. exd4 cxd4 16. Nc2 g4 17. Qg2 Bg7 18. h4 gxh3 19. Qxh3 h5 20. d3 Ng5 21. Qg2 h4 22. Nb4 Kb7 23. Rfe1 Bf6 24. Bc1 hxg3 25. Bxg5 Bxg5 26. fxg3 Be3+ 27. Kf1 f4 28. Nc2 Rdg8 29. Nxe3 dxe3 30. Qe4 Rh2 31. Re2 Qh3+ 32. Kg1 Rxe2 33. Qe7+ Kc8 0-1

[Event "FIDE WRBTC Blitz-Pool 2024"]
[Site "Astana"]
[Date "2024.08.05"]
[Round "4.5"]
[White "Kosteniuk, Alexandra"]
[Black "Akhmet, Suleyman"]
[Result "1-0"]
[WhiteElo "2488"]
[BlackElo "1730"]
[Annotator "ChessBase"]
[PlyCount "187"]
[EventDate "2024.08.01"]
[EventType "team-tourn"]
[EventCountry "KAZ"]
[SourceTitle "playchess.com"]
[Source "ChessBase"]
[SourceQuality "1"]

1. e4 c5 2. d4 cxd4 3. Qxd4 Nc6 4. Qd3 Nf6 5. Nc3 g6 6. Nf3 Bg7 7. Be2 d6 8. O-O O-O 9. Nd5 Bg4 10. c3 Qd7 11. Bg5 Bxf3 12. Qxf3 Nxd5 13. exd5 Ne5 14. Qe4 h6 15. Be3 f5 16. Qb4 a5 17. Qb5 Qxb5 18. Bxb5 f4 19. Bd4 Rfc8 20. Rfe1 g5 21. a4 Bf6 22. f3 Kf7 23. Kf2 Rc7 24. Re4 Rcc8 25. g3 fxg3+ 26. hxg3 h5 27. Rh1 Rh8 28. Kg2 Rag8 29. Bxe5 Bxe5 30. Bd7 Rg7 31. Be6+ Kf6 32. Kf2 Kg6 33. Rc4 Rf8 34. Kg2 h4 35. gxh4 Rf4 36. Rxf4 gxf4 37. Bg4 Rg8 38. h5+ Kh6 39. Re1 Rb8 40. b4 Bxc3 41. Re6+ Kg5 42. Rg6+ Kh4 43. bxa5 Ra8 44. h6 Rh8 45. Bd7 Kh5 46. Re6 Bf6 47. Re4 Ra8 48. Rxf4 Kxh6 49. Rb4 Rxa5 50. Be6 Kg7 51. Kf2 Bc3 52. Rc4 Be5 53. f4 Bf6 54. Kf3 b5 55. axb5 Rxb5 56. Rc8 Rb3+ 57. Kg4 Rb1 58. Rg8+ Kh7 59. Ra8 Rg1+ 60. Kf5 Rg2 61. Ra3 Kg7 62. Bd7 Bd4 63. Rh3 Rg6 64. Be6 Bf6 65. Ke4 Rh6 66. Ra3 Rh1 67. Ra8 Re1+ 68. Kf5 Rf1 69. Rg8+ Kh7 70. Rg4 Be5 71. Bf7 Rf2 72. Kg5 Bf6+ 73. Kf5 Be5 74. Bg6+ Kg7 75. Be8+ Kh7 76. Bb5 Bf6 77. Bd3 Rd2 78. Be4 Rf2 79. Ke6+ Kh6 80. Kf5 Kh7 81. Rg1 Rh2 82. Ke6+ Kh6 83. Kf7 Kh5 84. Bg6+ Kh4 85. f5 Bd4 86. Re1 Bf6 87. Re6 Kg4 88. Re4+ Kf3 89. Rxe7 Bxe7 90. Kxe7 Ke4 91. Kxd6 Rh6 92. Ke6 Kf4 93. d6 Kg5 94. d7 1-0

[Event "FIDE WRBTC Blitz-Pool 2024"]
[Site "Astana"]
[Date "2024.08.05"]
[Round "4.5"]
[White "Serikbay, Assel"]
[Black "Koneru, Humpy"]
[Result "0-1"]
[WhiteElo "2237"]
[BlackElo "2530"]
[Annotator "ChessBase"]
[PlyCount "60"]
[EventDate "2024.08.01"]
[EventType "team-tourn"]
[EventCountry "KAZ"]
[SourceTitle "playchess.com"]
[Source "ChessBase"]
[SourceQuality "1"]

1. d4 e6 2. c4 f5 3. g3 Nf6 4. Bg2 d5 5. Nf3 Nc6 6. O-O Ne4 7. Nc3 Be7 8. Qb3 Na5 9. Qa4+ c6 10. cxd5 Nxc3 11. bxc3 exd5 12. Ne5 O-O 13. Rb1 Bd6 14. Nd3 Re8 15. Re1 Nc4 16. Bf4 b5 17. Qd1 Bxf4 18. Nxf4 Qa5 19. Qc1 Qxa2 20. Nxd5 cxd5 21. Bxd5+ Be6 22. Bxa8 Rxa8 23. Rxb5 a5 24. e4 Nd2 25. Rb2 Nf3+ 26. Kh1 Qc4 27. Re3 fxe4 28. Kg2 Qd5 29. Rb6 Qf5 30. Qd1 Qh3+ 0-1

[Event "FIDE WRBTC Blitz-Pool 2024"]
[Site "Astana"]
[Date "2024.08.05"]
[Round "4.5"]
[White "Akhmediyar, Yernur"]
[Black "Lagno, Kateryna"]
[Result "0-1"]
[WhiteElo "1853"]
[BlackElo "2532"]
[Annotator "ChessBase"]
[PlyCount "78"]
[EventDate "2024.08.01"]
[EventType "team-tourn"]
[EventCountry "KAZ"]
[SourceTitle "playchess.com"]
[Source "ChessBase"]
[SourceQuality "1"]

1. c4 e6 2. Nc3 d5 3. d4 Nf6 4. cxd5 exd5 5. Bg5 c6 6. Nf3 Bf5 7. e3 Be7 8. Bd3 Ne4 9. Bxe7 Qxe7 10. Qc2 Nd7 11. Nd2 Ndf6 12. O-O Bg6 13. Rfe1 O-O 14. f3 Nxc3 15. bxc3 c5 16. Bxg6 hxg6 17. e4 dxe4 18. Nxe4 cxd4 19. cxd4 Rad8 20. Rad1 Nxe4 21. fxe4 Rfe8 22. h3 Rd7 23. Qa4 a6 24. Qc4 b5 25. Qc6 Rd6 26. Qc3 Red8 27. d5 f6 28. Qg3 g5 29. Qf3 Qe5 30. Rc1 b4 31. Rb1 a5 32. a3 Rb8 33. axb4 axb4 34. Rb3 Rxd5 35. exd5 Qxe1+ 36. Kh2 Qe5+ 37. Kg1 Qd4+ 38. Kh2 Ra8 39. d6 Qxd6+ 0-1

[Event "FIDE WRBTC Blitz-Pool 2024"]
[Site "Astana"]
[Date "2024.08.05"]
[Round "4.6"]
[White "Ainakul, Mukhtar"]
[Black "Balakirev, Nikoly"]
[Result "1-0"]
[WhiteElo "1935"]
[BlackElo "1885"]
[Annotator "ChessBase"]
[PlyCount "108"]
[EventDate "2024.08.01"]
[EventType "team-tourn"]
[EventCountry "KAZ"]
[SourceTitle "playchess.com"]
[Source "ChessBase"]
[SourceQuality "1"]

1. d4 d5 2. c4 e6 3. Nf3 Nf6 4. Qc2 c6 5. g3 Nbd7 6. Bg2 Be7 7. O-O O-O 8. Nbd2 Re8 9. Rd1 Bd6 10. e4 dxe4 11. Nxe4 Nxe4 12. Qxe4 Nf6 13. Qe1 Bc7 14. Ne5 Ba5 15. Qe2 Nd7 16. Qg4 f5 17. Qh5 Nxe5 18. dxe5 Qe7 19. Bg5 Qf7 20. Qe2 h6 21. Be3 Bb6 22. c5 Bc7 23. Bf3 Bxe5 24. Bxh6 Bf6 25. Bh5 g6 26. Bf3 e5 27. Rd6 Be6 28. Rad1 e4 29. Bg2 g5 30. h4 gxh4 31. Bf4 hxg3 32. fxg3 Rad8 33. b3 Rxd6 34. cxd6 Rd8 35. Qe3 b6 36. Bh3 Qg7 37. Kh2 Kf7 38. Rc1 c5 39. Kg2 Rh8 40. Rd1 Qh7 41. Rh1 Qg7 42. Qd2 Bd7 43. Qd5+ Be6 44. Qb7+ Kg6 45. Qxg7+ Kxg7 46. Rd1 Bd7 47. Rd5 Kg6 48. Rd2 Bg5 49. Bxg5 Kxg5 50. Rd5 Kf6 51. Kh2 f4 52. g4 Bxg4 53. d7 Rxh3+ 54. Kg2 Bxd7 1-0

[Event "FIDE WRBTC Blitz-Pool 2024"]
[Site "Astana"]
[Date "2024.08.05"]
[Round "4.6"]
[White "Al Maamari, Wafia Darwish"]
[Black "Muratova, Anel"]
[Result "1-0"]
[WhiteElo "1925"]
[BlackElo "1892"]
[Annotator "ChessBase"]
[PlyCount "100"]
[EventDate "2024.08.01"]
[EventType "team-tourn"]
[EventCountry "KAZ"]
[SourceTitle "playchess.com"]
[Source "ChessBase"]
[SourceQuality "1"]

1. Nf3 d5 2. b3 Nf6 3. Bb2 e6 4. g3 Be7 5. Bg2 c5 6. d4 Nc6 7. O-O O-O 8. e3 a6 9. dxc5 Bxc5 10. Nbd2 b5 11. c4 Bb7 12. cxd5 Nxd5 13. Rc1 Ba7 14. Ne5 Rc8 15. Nxc6 Bxc6 16. Nf3 Qe7 17. Nd4 Bb7 18. Qd2 Rfd8 19. Rxc8 Rxc8 20. Rc1 Rd8 21. Qe2 e5 22. Nc6 Bxc6 23. Rxc6 Nb4 24. Rc1 Nxa2 25. Ra1 Nb4 26. Ba3 a5 27. Qxb5 Bc5 28. Qxa5 Nd3 29. Bxc5 Nxc5 30. b4 Nb3 31. Qa7 Qf6 32. Rb1 Nd2 33. Rd1 h6 34. Qa1 h5 35. h4 Kh8 36. Qb2 Nc4 37. Rxd8+ Qxd8 38. Qe2 Nb6 39. Qxh5+ Kg8 40. Qf3 Qd6 41. b5 Qb4 42. Qc6 Nc4 43. Qc8+ Kh7 44. Qf5+ Kg8 45. Qd7 Qb1+ 46. Kh2 Qb4 47. Qd5 Kf8 48. h5 Kg8 49. Bf3 Qe7 50. Qxc4 Qd8 1-0

[Event "FIDE WRBTC Blitz-Pool 2024"]
[Site "Astana"]
[Date "2024.08.05"]
[Round "4.6"]
[White "Kertaev, Natan"]
[Black "Rosenstein, Wadim"]
[Result "1/2-1/2"]
[WhiteElo "1828"]
[BlackElo "1887"]
[Annotator "NA"]
[PlyCount "105"]
[EventDate "2024.08.01"]
[EventType "team-tourn"]
[EventCountry "KAZ"]
[SourceTitle "playchess.com"]
[Source "ChessBase"]
[SourceQuality "1"]

1. e4 c5 2. Nf3 e6 3. g3 Nc6 4. Bg2 e5 5. O-O d6 6. c3 Nf6 7. Qe2 Be7 8. Rd1 O-O 9. d4 exd4 10. cxd4 cxd4 11. Nxd4 Bg4 12. f3 Nxd4 13. Rxd4 Be6 14. Be3 Qa5 15. Nc3 d5 16. e5 Nd7 17. f4 Bc5 18. Rd2 Nb6 19. Bxc5 Qxc5+ 20. Qf2 Qa5 21. Rad1 Bg4 22. Re1 Rfd8 23. h3 d4 24. Rxd4 Rxd4 25. Qxd4 Be6 26. Qf2 g6 27. Ne4 Qxa2 28. Nf6+ Kg7 29. g4 Rc8 30. f5 Bb3 31. Qh4 h6 32. fxg6 fxg6 33. Ne4 Rc7 34. Qf6+ Kh7 35. g5 Qxb2 36. e6 Qxf6 37. Nxf6+ Kg7 38. e7 Bf7 39. e8=Q Bxe8 40. Nxe8+ Kh7 41. Nxc7 a5 42. Bxb7 hxg5 43. Re5 a4 44. Rxg5 Kh6 45. Ra5 g5 46. Nd5 Nc4 47. Rxa4 Nd2 48. Ra6+ Kh5 49. Ne3 Kh4 50. Kh2 g4 51. hxg4 Kg5 52. Kg3 Nf1+ 53. Nxf1 1/2-1/2

[Event "FIDE WRBTC Blitz-Pool 2024"]
[Site "Astana"]
[Date "2024.08.05"]
[Round "4.7"]
[White "Tin, Jingyao"]
[Black "Shonazarov, Orash"]
[Result "1-0"]
[WhiteElo "2575"]
[BlackElo "2277"]
[Annotator "ChessBase"]
[PlyCount "67"]
[EventDate "2024.08.01"]
[EventType "team-tourn"]
[EventCountry "KAZ"]
[SourceTitle "playchess.com"]
[Source "ChessBase"]
[SourceQuality "1"]

1. d4 Nf6 2. c4 e6 3. Nc3 Bb4 4. e3 O-O 5. Bd3 d5 6. a3 Bxc3+ 7. bxc3 dxc4 8. Bxc4 c5 9. Ne2 Qc7 10. Ba2 b6 11. O-O Ba6 12. Re1 Nc6 13. Ng3 Rfd8 14. Rb1 Rac8 15. Rb2 Na5 16. e4 cxd4 17. cxd4 Qc3 18. Rd2 Bc4 19. Bb2 Qxd2 20. Qxd2 Bxa2 21. d5 Nc4 22. Qe2 Nxb2 23. Qxb2 Bc4 24. d6 b5 25. e5 Nd5 26. Qd2 h6 27. Ne4 Bb3 28. h4 Bc2 29. g3 Rd7 30. Rc1 Bxe4 31. Rxc8+ Kh7 32. Qe2 Bf5 33. Qxb5 Nb6 34. Rc7 1-0

[Event "FIDE WRBTC Blitz-Pool 2024"]
[Site "Astana"]
[Date "2024.08.05"]
[Round "4.7"]
[White "Isanzhulov, Arystan"]
[Black "Sadek, Sameh"]
[Result "1-0"]
[WhiteElo "2401"]
[BlackElo "2286"]
[Annotator "ChessBase"]
[PlyCount "41"]
[EventDate "2024.08.01"]
[EventType "team-tourn"]
[EventCountry "KAZ"]
[SourceTitle "playchess.com"]
[Source "ChessBase"]
[SourceQuality "1"]

1. e4 c5 2. Nf3 a6 3. g3 Nc6 4. Bg2 e6 5. O-O Nf6 6. Qe2 d5 7. e5 Nd7 8. d3 Be7 9. c4 d4 10. h4 Rb8 11. Bf4 b5 12. Nbd2 h6 13. Ne4 Nb6 14. cxb5 axb5 15. Rac1 c4 16. Nfd2 cxd3 17. Qg4 Nb4 18. Qxg7 Rf8 19. Nf6+ Bxf6 20. exf6 Bb7 21. Bc7 1-0

[Event "FIDE WRBTC Blitz-Pool 2024"]
[Site "Astana"]
[Date "2024.08.05"]
[Round "4.7"]
[White "Malyi, Viacheslav"]
[Black "Orozbaev, Eldiyar"]
[Result "0-1"]
[WhiteElo "2391"]
[BlackElo "2376"]
[Annotator "ChessBase"]
[PlyCount "114"]
[EventDate "2024.08.01"]
[EventType "team-tourn"]
[EventCountry "KAZ"]
[SourceTitle "playchess.com"]
[Source "ChessBase"]
[SourceQuality "1"]

1. e4 c5 2. Nf3 d6 3. d4 cxd4 4. Nxd4 Nf6 5. Nc3 Nc6 6. Rg1 h5 7. h3 Bd7 8. g4 hxg4 9. hxg4 Nxd4 10. Qxd4 Nxg4 11. Be2 Ne5 12. Be3 Nc6 13. Qd2 g6 14. O-O-O Bg7 15. Nd5 Rc8 16. Kb1 Be6 17. a3 Bxd5 18. exd5 Ne5 19. Bb5+ Kf8 20. Rh1 Nc4 21. Bxc4 Rxc4 22. Bh6 Rxh6 23. Rxh6 Qb6 24. c3 Bxc3 25. Qe2 Bf6 26. Rh3 Re4 27. Qc2 Rc4 28. Qe2 Qb5 29. Rdd3 Qc5 30. Qd2 Rg4 31. Rh1 Bg5 32. Qc2 Qxc2+ 33. Kxc2 Bf6 34. Rb3 b6 35. Rf3 Kg7 36. Rd1 Be5 37. Kb1 f5 38. Rc1 Rd4 39. Rc7 Kf6 40. Rxa7 Rxd5 41. Rb7 Rd1+ 42. Ka2 Bd4 43. a4 Rd2 44. Rb3 Rxf2 45. R7xb6 Bxb6 46. Rxb6 Rh2 47. a5 Rh8 48. a6 Ra8 49. b4 g5 50. b5 g4 51. Rc6 g3 52. Kb3 f4 53. Rc1 g2 54. Kb4 f3 55. b6 Rxa6 56. Kb5 Rxb6+ 57. Kxb6 f2 0-1

[Event "FIDE WRBTC Blitz-Pool 2024"]
[Site "Astana"]
[Date "2024.08.05"]
[Round "4.8"]
[White "Zhakshylykov, Erzhan"]
[Black "Altynbekuly, Madiyar"]
[Result "0-1"]
[WhiteElo "2327"]
[BlackElo "2114"]
[Annotator "ChessBase"]
[PlyCount "87"]
[EventDate "2024.08.01"]
[EventType "team-tourn"]
[EventCountry "KAZ"]
[SourceTitle "playchess.com"]
[Source "ChessBase"]
[SourceQuality "1"]

1. d4 Nf6 2. Nf3 d6 3. Nc3 g6 4. e4 Bg7 5. Be2 O-O 6. O-O e5 7. h3 Nc6 8. dxe5 Nxe5 9. Nxe5 dxe5 10. Qxd8 Rxd8 11. Bg5 c6 12. a4 h6 13. Be3 Be6 14. Rad1 b6 15. Kh2 Bf8 16. g3 Kh7 17. f4 exf4 18. gxf4 Bb4 19. Bf3 Bc4 20. Rg1 Rac8 21. Rxd8 Rxd8 22. Rd1 Rxd1 23. Nxd1 Kg7 24. b3 Be6 25. c4 Nd7 26. e5 Nb8 27. Nf2 Kf8 28. Ng4 h5 29. Nf6 Ke7 30. Kg3 Kd8 31. Ne4 Kc7 32. Ng5 Kd7 33. Be4 Be7 34. Nf3 Kc7 35. Nd4 Bd7 36. e6 Be8 37. f5 Bd6+ 38. Bf4 gxf5 39. Bxf5 Na6 40. Kf3 Nc5 41. exf7 Bxf7 42. Bg5 Be5 43. Bf4 Bd6 44. Ke3 0-1

[Event "FIDE WRBTC Blitz-Pool 2024"]
[Site "Astana"]
[Date "2024.08.05"]
[Round "4.8"]
[White "Hassan, Sayed Barakat"]
[Black "Ismagambetov, Anuar"]
[Result "0-1"]
[WhiteElo "2279"]
[BlackElo "2520"]
[Annotator "ChessBase"]
[PlyCount "71"]
[EventDate "2024.08.01"]
[EventType "team-tourn"]
[EventCountry "KAZ"]
[SourceTitle "playchess.com"]
[Source "ChessBase"]
[SourceQuality "1"]

1. e4 c5 2. Nc3 Nc6 3. f4 g6 4. Nf3 Bg7 5. Bb5 Nd4 6. O-O a6 7. Bc4 d6 8. Nxd4 Bxd4+ 9. Kh1 e6 10. d3 b5 11. Bb3 Ne7 12. e5 Bb7 13. Ne2 dxe5 14. c3 h5 15. cxd4 exd4 16. Qe1 h4 17. h3 Nf5 18. Kg1 Kf8 19. Bd2 Kg7 20. Rc1 Rc8 21. Qf2 Qd6 22. Rfe1 Rhd8 23. Kh2 Rh8 24. Ng1 a5 25. Bd1 c4 26. Bf3 Bxf3 27. Nxf3 cxd3 28. Rxc8 Rxc8 29. Rc1 Rc2 30. Qe1 Rxb2 31. Qe4 Rxa2 32. Qxd3 b4 33. Qe4 b3 34. Rc6 Qd5 35. Qxd5 exd5 36. Rb6 0-1

[Event "FIDE WRBTC Blitz-Pool 2024"]
[Site "Astana"]
[Date "2024.08.05"]
[Round "4.8"]
[White "Karmenov, Berik"]
[Black "Jumabayev, Rinat"]
[Result "0-1"]
[WhiteElo "2046"]
[BlackElo "2577"]
[Annotator "ChessBase"]
[PlyCount "99"]
[EventDate "2024.08.01"]
[EventType "team-tourn"]
[EventCountry "KAZ"]
[SourceTitle "playchess.com"]
[Source "ChessBase"]
[SourceQuality "1"]

1. e4 c5 2. Nf3 e6 3. d4 cxd4 4. Nxd4 a6 5. Bd3 Bc5 6. Nb3 Be7 7. c4 d6 8. Nc3 Nf6 9. O-O Nbd7 10. Be3 b6 11. f4 O-O 12. Qe2 Bb7 13. Rfd1 Qc7 14. Rac1 Rac8 15. Kh1 Qb8 16. Bd4 g6 17. Rf1 Rfe8 18. e5 Nh5 19. Ne4 dxe5 20. fxe5 Nxe5 21. Bb1 Nd7 22. Rce1 e5 23. Be3 Nf4 24. Bxf4 exf4 25. Qd2 Nc5 26. Nbxc5 bxc5 27. Qxf4 Qxf4 28. Rxf4 f5 29. Nc3 Bf6 30. Rff1 Bxc3 31. bxc3 Rcd8 32. Rxe8+ Rxe8 33. Bd3 Rd8 34. Rd1 Be4 35. Be2 Rxd1+ 36. Bxd1 Bd3 37. Bb3 Kg7 38. Kg1 f4 39. Kf2 Kf6 40. Kf3 Ke5 41. h4 h6 42. a3 Be4+ 43. Kf2 g5 44. hxg5 hxg5 45. Bd1 Bd3 46. Bb3 Ke4 47. Ba2 Bc2 48. Ke2 g4 49. Kf2 Kd3 50. Ke1 0-1

[Event "FIDE WRBTC Blitz-Pool 2024"]
[Site "Astana"]
[Date "2024.08.05"]
[Round "4.9"]
[White "Siddharth, Jagadeesh"]
[Black "Sartbayev, Askar"]
[Result "1-0"]
[WhiteElo "2516"]
[BlackElo "1702"]
[Annotator "ChessBase"]
[PlyCount "49"]
[EventDate "2024.08.01"]
[EventType "team-tourn"]
[EventCountry "KAZ"]
[SourceTitle "playchess.com"]
[Source "ChessBase"]
[SourceQuality "1"]

1. e4 c5 2. Nf3 d6 3. Nc3 Nf6 4. Be2 Nc6 5. d4 cxd4 6. Nxd4 e6 7. O-O Be7 8. Qd3 O-O 9. Nxc6 bxc6 10. Qg3 Kh8 11. Rd1 Qc7 12. b3 e5 13. Kh1 Be6 14. f4 Rad8 15. Bb2 exf4 16. Qxf4 Nd7 17. Rd2 Ne5 18. Rf1 h6 19. Qg3 f5 20. exf5 Rxf5 21. Rxf5 Bxf5 22. Nd1 Bg5 23. Ne3 Bxe3 24. Qxe3 Ng6 25. Qxh6+ 1-0